Rozpoznaj miasto po tablicy rejestracyjnej Cała Polska - Statystyki

Ogólne statystyki
  • Ten quiz został rozwiązany 3 258 razy
    3 167 od ostatniego zresetowania
  • Średni wynik to 71 z 396
Statystyki odpowiedzi
Rejestracja Miasto / powiat Odpowiedź % Poprawnych
BI Miasto Białystok
77%
KR / KK Miasto Kraków
60%
DW Miasto Wrocław
59%
GD Miasto Gdańsk
58%
CB Miasto Bydgoszcz
54%
PO / PY Miasto Poznań
54%
GA Miasto Gdynia
53%
LU Miasto Lublin
53%
CT Miasto Toruń
53%
EL Miasto Łódź
51%
SK Miasto Katowice
49%
OP Miasto Opole
49%
BS Miasto Suwałki
49%
GSP Miasto Sopot
48%
ZS / ZZ Miasto Szczecin
45%
RZ Miasto Rzeszów
44%
NO Miasto Olsztyn
43%
BIA powiat białostocki
42%
WR Miasto Radom
42%
FZ Miasto Zielona Góra
42%
KT Miasto Tarnów
40%
BAU powiat augustowski
38%
SB Miasto Bielsko-Biała
38%
CBY powiat bydgoski
38%
LOP | OPO powiat opolski
38%
NE Miasto Elbląg
37%
FG Miasto Gorzów Wielkopolski
37%
TK Miasto Kielce
37%
KRA powiat krakowski
37%
GDA powiat gdański
36%
CTR powiat toruński
36%
DWR powiat wrocławski
36%
SC Miasto Częstochowa
35%
DL Miasto Legnica
35%
BL Miasto Łomża
35%
CW Miasto Włocławek
35%
SG Miasto Gliwice
34%
CG Miasto Grudziądz
34%
DJ Miasto Jelenia Góra
34%
SO Miasto Sosnowiec
33%
BSU powiat suwalski
33%
SY Miasto Bytom
32%
KTA powiat tarnowski
32%
BBI | SBI powiat bielski
31%
LC Miasto Chełm
31%
SH Miasto Chorzów
31%
CIN powiat inowrocławski
31%
PZ powiat poznański
31%
GS Miasto Słupsk
31%
ZK Miasto Koszalin
30%
LUB powiat lubelski
30%
NOL powiat olsztyński
30%
WRA powiat radomski
30%
SZ Miasto Zabrze
30%
LZ Miasto Zamość
30%
FZI powiat zielonogórski
30%
FGW powiat gorzowski
29%
KN Miasto Nowy Sącz
29%
WP Miasto Płock
29%
RZE powiat rzeszowski
29%
NEB powiat elbląski
28%
TKI powiat kielecki
28%
PN Miasto Konin
28%
DLE powiat legnicki
28%
EP Miasto Piotrków Trybunalski
28%
DB Miasto Wałbrzych
28%
DJE powiat jeleniogórski
27%
PK Miasto Kalisz
27%
CWL powiat włocławski
27%
DLU powiat lubiński
26%
SR Miasto Rybnik
26%
WH Miasto + dzielnica Warszawa Praga Północ
26%
EBE powiat bełchatowski
25%
LB Miasto Biała Podlaska
25%
RP Miasto Przemyśl
25%
ST Miasto Tychy
25%
WE Miasto + dzielnica Warszawa Mokotów
25%
WF Miasto + dzielnica Warszawa Praga Południe
25%
WI Miasto + dzielnica Warszawa Śródmieście
25%
KBR | OB powiat brzeski
24%
SCZ powiat częstochowski
24%
SD Miasto Dąbrowa Górnicza
24%
CGR powiat grudziądzki
24%
PL Miasto Leszno
24%
KNS powiat nowosądecki
24%
ETM | LTM powiat tomaszowski
24%
RK Miasto Krosno
23%
TSA powiat sandomierski
23%
WW Miasto + dzielnica Warszawa Rebertów / Warszawa Wilanów / Warszawa Włochy
23%
SGL powiat gliwicki
22%
BHA powiat hajnowski
22%
NIL powiat iławski
22%
PKA powiat kaliski
22%
DKL powiat kłodzki
22%
ZKL powiat kołobrzeski
22%
ZKO powiat koszaliński
22%
GMB powiat malborski
22%
SM Miasto Mysłowice
22%
KNT powiat nowotarski
22%
POS | WOR powiat ostrowski
22%
KOS powiat oświęcimski
22%
PP powiat pilski
22%
GSL powiat słupski
22%
DBA powiat wałbrzyski
22%
WN Miasto + dzielnica Warszawa Ursynów
22%
LZA powiat zamojski
22%
GCH powiat chojnicki
21%
PGN powiat gnieźnieński
21%
SJ Miasto Jaworzno
21%
PKN powiat koniński
21%
KLI powiat limanowski
21%
ONY powiat nyski
21%
EPI powiat piotrkowski
21%
WS Miasto Siedlce
21%
RT Miasto Tarnobrzeg
21%
KWA powiat wadowicki
21%
GWO /  GWE powiat wejherowski
21%
LCH powiat chełmski
20%
NEL powiat ełcki
20%
NGI powiat giżycki
20%
DGL powiat głogowski
20%
WPR, WPP, WPS powiat pruszkowski
20%
GPU powiat pucki
20%
LPU powiat puławski
20%
ES Miasto Skierniewice
20%
ZSW Miasto Świnoujście
20%
KTT powiat tatrzański
20%
WB Miasto + dzielnica Warszawa Bemowo
20%
WY Miasto + dzielnica Warszawa Wola
20%
BZA powiat zambrowski
20%
BGR powiat grajewski
19%
GND | WND powiat nowodworski
19%
WPL powiat płocki
19%
ESK powiat skierniewicki
19%
DSW | LSW powiat świdnicki
19%
RTA powiat tarnobrzeski
19%
GTC powiat tczewski
19%
WD Miasto + dzielnica Warszawa Bielany
19%
WX Miasto + dzielnica Warszawa Wesoła / Warszawa Żoliborz
19%
EZG powiat zgierski
19%
CAL powiat aleksandrowski
18%
GBY powiat bytowski
18%
SCI powiat cieszyński
18%
LHR powiat hrubieszowski
18%
SJZ Miasto Jastrzębie-Zdrój
18%
EKU powiat kutnowski
18%
GLE powiat lęborski
18%
BLM powiat łomżyński
18%
NMR powiat mrągowski
18%
KMY powiat myślenicki
18%
WOT powiat otwocki
18%
EPA powiat pabianicki
18%
WU Miasto + dzielnica Warszawa Ochota
18%
WK Miasto + dzielnica Warszawa Ursus
18%
KWI powiat wielicki
18%
CBR powiat brodnicki
17%
OK powiat kędzierzyńsko-kozielski
17%
FKR | RKR powiat krośnieński
17%
RMI powiat mielecki
17%
DOL powiat oleśnicki
17%
KOL powiat olkuski
17%
WO Miasto Ostrołęka
17%
RPR powiat przemyski
17%
SL Miasto Ruda Śląska
17%
ESI powiat sieradzki
17%
GST powiat starogardzki
17%
KBA | KBC powiat bocheński
16%
RDE powiat dębicki
16%
PGO | WGM powiat grodziski
16%
WGR powiat grójecki
16%
NKE powiat kętrzyński
16%
NOS powiat ostródzki
16%
RSA powiat sanocki
16%
WSI powiat siedlecki
16%
WJ Miasto + dzielnica Warszawa Targówek
16%
DZG powiat zgorzelecki
16%
SZO Miasto Żory
16%
LBL powiat biłgorajski
15%
WCI powiat ciechanowski
15%
DDZ powiat dzierżoniowski
15%
RJA powiat jarosławski
15%
OKL powiat kluczborski
15%
DOA powiat oławski
15%
WOS powiat ostrołęcki
15%
ZST powiat stargardzki
15%
WA Miasto + dzielnica Warszawa Białołęka
15%
EWI powiat wieluński
15%
NBA powiat bartoszycki
14%
SBE powiat będziński
14%
DBL powiat bolesławiecki
14%
KCH powiat chrzanowski
14%
DJA powiat jaworski
14%
GKA powiat kartuski
14%
GKW powiat kwidzyński
14%
WL powiat legionowski
14%
NNI powiat nidzicki
14%
SPI Miasto Piekary Śląskie
14%
NPI powiat piski
14%
SRB powiat rybnicki
14%
CRY powiat rypiński
14%
DSR | PSR powiat średzki
14%
CSW powiat świecki
14%
PTU powiat turecki
14%
WT Miasto + dzielnica Warszawa Wawer
14%
SZY powiat żywiecki
14%
LBI powiat bialski
13%
NBR powiat braniewski
13%
CCH powiat chełmiński
13%
PJA powiat jarociński
13%
LKR powiat kraśnicki
13%
PLE powiat leszczyński
13%
NLI powiat lidzbarski
13%
ELC powiat łowicki
13%
LLB powiat lubartowski
13%
BMN powiat moniecki
13%
CNA powiat nakielski
13%
ONA powiat namysłowski
13%
FNW powiat nowosolski
13%
TOS powiat ostrowiecki
13%
PRA powiat rawicki
13%
SI Miasto Siemianowice Śląskie
13%
BSI powiat siemiatycki
13%
FSD powiat strzelecko-drezdenecki
13%
FSW powiat świebodziński
13%
CTU powiat tucholski
13%
SWD | SWZ powiat wodzisławski
13%
BWM powiat wysokomazowiecki
13%
FZA powiat żarski
13%
EZD powiat zduńskowolski
13%
RBI powiat bieszczadzki
12%
GCZ powiat człuchowski
12%
KDA powiat dąbrowski
12%
NDZ powiat działdowski
12%
KGR powiat gorlicki
12%
PGS powiat gostyński
12%
LJA powiat janowski
12%
RJS powiat jasielski
12%
TJE powiat jędrzejowski
12%
PKL powiat kolski
12%
RLS powiat leski
12%
SMI powiat mikołowski
12%
WM powiat miński
12%
EOP powiat opoczyński
12%
ZPL powiat policki
12%
SPS powiat pszczyński
12%
SRC powiat raciborski
12%
ERW powiat rawski
12%
LRY powiat rycki
12%
TSK powiat skarżyski
12%
BSK powiat sokólski
12%
RST powiat stalowowolski
12%
TST powiat starachowicki
12%
DTR powiat trzebnicki
12%
WWL, WV powiat wołomiński
12%
DZL powiat złotoryjski
12%
CZN powiat żniński
12%
TBU powiat buski
11%
NGO powiat gołdapski
11%
LLU powiat łukowski
11%
KMI powiat miechowski
11%
FMI powiat międzyrzecki
11%
DMI powiat milicki
11%
WML powiat mławski
11%
POB powiat obornicki
11%
NOE powiat olecki
11%
TOP powiat opatowski
11%
WPI powiat piaseczyński
11%
DPL powiat polkowicki
11%
OPR powiat prudnicki
11%
ERA powiat radomszczański
11%
BSE powiat sejneński
11%
FSL powiat słubicki
11%
KSU powiat suski
11%
SW Miasto Świętochłowice
11%
NWE powiat węgorzewski
11%
FZG powiat żagański
11%
CGD powiat golubsko-dobrzyński
10%
ZGY powiat gryficki
10%
BKL powiat kolneński
10%
GKS powiat kościerski
10%
OKR powiat krapkowicki
10%
PKR powiat krotoszyński
10%
RLA powiat łańcucki
10%
ELE powiat łęczycki
10%
RLE powiat leżajski
10%
DLB powiat lubański
10%
CMG powiat mogileński
10%
SMY powiat myszkowski
10%
NNM powiat nowomiejski
10%
LRA powiat radzyński
10%
WSC powiat sochaczewski
10%
PSE powiat śremski
10%
LWL powiat włodawski
10%
SZA powiat zawierciański
10%
PZL powiat złotowski
10%
WG powiat garwoliński
9%
OGL powiat głubczycki
9%
DKA powiat kamiennogórski
9%
PKS powiat kościański
9%
ELA powiat łaski
9%
CLI powiat lipnowski
9%
ELW powiat łódzki wschodni
9%
SLU powiat lubliniecki
9%
DLW powiat lwówecki
9%
PNT powiat nowotomyski
9%
OOL powiat oleski
9%
EPJ powiat pajęczański
9%
PPL powiat pleszewski
9%
KPR powiat proszowicki
9%
WPU powiat pułtuski
9%
PSZ powiat szamotulski
9%
GSZ powiat sztumski
9%
STA powiat tarnogórski
9%
FWS powiat wschowski
9%
WZY powiat żyrardowski
9%
ZBI powiat białogardzki
8%
EBR powiat brzeziński
8%
PCH powiat chodzieski
8%
ZDR powiat drawski
8%
ZGL powiat goleniowski
8%
DGR powiat górowski
8%
ZGR powiat gryfiński
8%
TKA powiat kazimierski
8%
PKE powiat kępiński
8%
SKL powiat kłobucki
8%
LKS powiat krasnostawski
8%
LLE powiat łęczyński
8%
PMI powiat międzychodzki
8%
RNI powiat niżański
8%
LPA powiat parczewski
8%
TPI powiat pińczowski
8%
WPN powiat płoński
8%
EPD powiat poddębicki
8%
RPZ powiat przeworski
8%
CRA powiat radziejowski
8%
CSE powiat sępoleński
8%
OST powiat strzelecki
8%
FSU powiat sulęciński
8%
NSZ powiat szczycieński
8%
CWA powiat wąbrzeski
8%
ZWA powiat wałecki
8%
TLW powiat włoszczowski
8%
DZA powiat ząbkowicki
8%
WBR powiat białobrzeski
7%
RBR powiat brzozowski
7%
PCT powiat czarnkowsko-trzcianecki
7%
WGS powiat gostyniński
7%
ZKA powiat kamieński
7%
RKL powiat kolbuszowski
7%
TKN powiat konecki
7%
WLI powiat lipski
7%
RLU powiat lubaczowski
7%
ZMY powiat myśliborski
7%
POT powiat ostrzeszowski
7%
RRS powiat ropczycko-sędziszowski
7%
TSZ powiat staszowski
7%
DST powiat strzeliński
7%
ZSZ powiat szczecinecki
7%
PWA powiat wągrowiecki
7%
WZ powiat warszawski zachodni
7%
EWE powiat wieruszowski
7%
DWL powiat wołowski
7%
PWL powiat wolsztyński
7%
PWR powiat wrzesiński
7%
WWY powiat wyszkowski
7%
SBL powiat bieruńsko-lędziński
6%
WMA powiat makowski
6%
ZPY powiat pyrzycki
6%
PSL powiat słupecki
6%
WSK powiat sokołowski
6%
WZW powiat zwoleński
6%
ZLO powiat łobeski
5%
WPZ powiat przasnyski
5%
ZSL powiat sławieński
5%
RSR powiat strzyżowski
5%
WWE powiat węgrowski
5%
WZU powiat żuromiński
5%
ZCH powiat choszczeński
4%
WLS powiat łosicki
4%
WPY powiat przysuski
4%
WSE powiat sierpecki
4%
ZSD powiat świdwiński
4%
WSZ powiat szydłowiecki
4%
WKZ powiat kozieniecki
3%
Nie znaleziono quizów pasujących do podanych kryteriów
Rozkład punktacji
Procent ludzi z każdym wynikiem
Percentyl według liczby udzielonych odpowiedzi
Twoja historia wyników
Nie rozwiązałeś tego quizu od ostatniego zresetowania